| 000 | 00417nam a2200157Ia 4500 | ||
|---|---|---|---|
| 008 | 151213s9999 xx 000 0 und d | ||
| 100 | _aBelverd E. Needles | ||
| 245 |
_aCost Accounting . Planning & Contract _cBelverd E. Needles |
||
| 250 | _a7th | ||
| 260 |
_aNew York _bHoughton Mitlin _c2001 |
||
| 300 | _a4254 p. | ||
| 650 | _aAccounting | ||
| 650 | _aAccounting | ||
| 700 | _aBelverd E. Needles | ||
| 999 |
_c2678 _d2678 |
||